Statistics for Name the flags #7

Click here to take the quiz!

General Stats

  • This quiz has been taken 13 times
  • The average score is 12 of 15

Answer Stats

Answer% Correct
Brazil
100%
Ireland
100%
United Kingdom
100%
France
92%
Greece
92%
India
92%
Israel
92%
Bhutan
85%
Qatar
77%
Vietnam
77%
Vatican City
69%
Morocco
62%
Oman
54%
Tunisia
54%
Mongolia
46%

Score Distribution

Percentile by Number Answered

Percent of People with Each Score

Your Score History

You have not taken this quiz